00285 2200133 4500001002100000005001500021035002000036245001800056300000700074260003800081082000800119084001200127990001200139INLIS00000000000227620250527030429 a0010-0525000568 aJurnal Wahana a43 bUniv. Teknologi Yogyakarta,c2009 a600 a600 JUR a0713347